Search the Library Catalogue
| 000 -LEADER | |
|---|---|
| fixed length control field | 00510nam a2200193Ia 4500 |
| 008 - FIXED-LENGTH DATA ELEMENTS--GENERAL INFORMATION | |
| fixed length control field | 191130s2006##################000#0#eng## |
| 020 ## - INTERNATIONAL STANDARD BOOK NUMBER | |
| ISBN | 9783822822180 |
| 082 ## - DEWEY DECIMAL CLASSIFICATION NUMBER | |
| Classification number | 709.730740194 HON |
| 100 ## - MAIN ENTRY--AUTHOR NAME | |
| Personal name | Honnef, Klaus |
| 245 ## - TITLE STATEMENT | |
| Title | Pop art |
| Statement of responsibility, etc | Klaus Honnef, Uta Grosenick |
| 260 ## - PUBLICATION, DISTRIBUTION, ETC. (IMPRINT) | |
| Place of publication | Köln |
| Name of publisher | TASCHEN |
| Year of publication | 2006 |
| 300 ## - PHYSICAL DESCRIPTION | |
| Number of Pages | 95 p. ; 23 cm |
| 650 ## - SUBJECT ADDED ENTRY--TOPICAL TERM | |
| Topical Term | Pop art -- History |
| 700 ## - ADDED ENTRY--PERSONAL NAME | |
| Personal name | Grosenick, Uta |
| 991 ## - | |
| -- | 300833 |
| Withdrawn status | Lost status | Damaged status | Not for loan | Home library | Current library | Shelving location | Date acquired | Full call number | Accession Number | Price effective from | Koha item type |
|---|---|---|---|---|---|---|---|---|---|---|---|
| Anna Centenary Library | Anna Centenary Library | 6TH FLOOR, B WING | 15.10.2020 | 709.730740194 HON | 389726 | 15.10.2020 | English Books |